• 首页
  • 本馆介绍
  • 公告通知
  • 最新文献
  • 馆藏检索
  • 电子资源
  • 读者导购
  • 参考咨询
  • 我的图书馆
  • 登录
  • 详细信息显示
  • 放入我的书架
  • 预约/预借图书
  • 作者相关作品
  • 分类相关作品
  • 丛书相关作品
  • 出版社相关作品

书目信息

  • 表格格式
  • 工作单格式
  • 卡片格式
题名:
无机化合物的电子光谱和振动光谱
    
 
作者: 庞震 著
分册:  
出版信息: 上海   复旦大学出版社  2006
页数: 134页
开本: 23cm
丛书名:
单 册:
中图分类: O611.6
科图分类:
主题词: 无机化合物--光谱分析--高等学校--教材 , 无机化合物 , 光谱分析
电子资源:
ISBN: 7-309-05042-8
000 00918nam0 2200265 450
001 012007329296
005 20070516174901.20
010    @a7-309-05042-8@dCNY18.00
100    @a20070508d2006 km y0chiy0120 ea
101 0  @achi
102    @aCN@b310000
105    @aa z 000yy
106    @ar
200 1  @a无机化合物的电子光谱和振动光谱@Awu ji hua he wu de dian zi guang pu he zhen dong guang pu@f庞震著@Fpang zhen zhu
210    @a上海@c复旦大学出版社@d2006
215    @a134页@c图@d23cm
300    @a21世纪复旦大学研究生教学用书
330    @a本书从化合物的对称性出发,对无机化合物的电子光谱和振动光谱进行了较为详细的讨论。内容包括对称性和点群;群论和特征标表;光谱的一般介绍;电子吸收光谱等。
606 0  @a无机化合物@x光谱分析@x高等学校@j教材
606 0  @a无机化合物
606 0  @a光谱分析
690    @aO611.6@v4
701  0 @a庞震@Apang zhen@4著
801  0 @aCN@bRULIN@c20070516
905    @dO611.6@e21@s5
    
    无机化合物的电子光谱和振动光谱/庞震著.-上海:复旦大学出版社,2006
    134页:图;23cm
    21世纪复旦大学研究生教学用书
    
    ISBN 7-309-05042-8:CNY18.00
    本书从化合物的对称性出发,对无机化合物的电子光谱和振动光谱进行了较为详细的讨论。内容包括对称性和点群;群论和特征标表;光谱的一般介绍;电子吸收光谱等。
●
相关链接 在E读中查询图书 在五车中查询图书 在当当中查询图书 在豆瓣中查询图书


正题名:无机化合物的电子光谱和振动光谱     索取号:O611.6/21         预约/预借

序号 登录号 条形码 馆藏地/架位号 状态 备注
1 0571971   205719711   第二样本阅览室/ [索取号:O611.6/21] 在馆    
2 0571972   205719720   第三借阅区/ [索取号:O611.6/21] 在馆    
3 0571973   205719739   第三借阅区/ [索取号:O611.6/21] 在馆    
4 0571974   205719748   第三借阅区/ [索取号:O611.6/21] 在馆    
5 0571975   205719757   第三借阅区/ [索取号:O611.6/21] 在馆    
唐山师范学院图书馆 欢迎您!
大连网信软件有限公司© 版权所有